000 00604cam a2200205 4500500
005 20260329003633.0
041 _afre
042 _adc
100 1 0 _aLegros, Martin
_eauthor
245 0 0 _aVirus Zika : un bon moustique est un moustique mort ?
260 _c2016.
500 _a96
690 _aBrésil
690 _aÉpidémie
690 _aMoustique
690 _aSanté
690 _aZika
786 0 _nPhilosophie magazine | 100 | 6 | 2016-06-01 | p. 17-17 | 1951-1787
856 4 1 _uhttps://shs.cairn.info/magazine-philosophie-magazine-2016-6-page-17?lang=fr&redirect-ssocas=7080
999 _c1826287
_d1826287